000 00523nam a2200181Ia 4500
999 _c34172
_d34172
003 OSt
005 20200907095709.0
008 190216s9999||||xx |||||||||||||| ||und||
040 _coclc
082 _a530.12
_bPRA/S
100 _aPrakash, Satya
_94155
245 0 _aStatistical Mechanics And Solid State Physics /
_cSatya Prakash
250 _a4th Ed.
260 _bPragathi Prakashan,
_aMeerut:
_c2008.
300 _a287p
650 _aPhysics
942 _cBK
_2ddc
_h530.12
_iPRA/S
_k530.12
_mPRA/S